Chris Farley Movies Quiz Stats

 Plays Quiz Updated Dec 6, 2018

Support Sporcle.
Go Orange.
Score 0/9 Timer 04:00
1 Play Today
Year Movie % Correct
1995Tommy Boy
94.6%
1996Black Sheep
89.7%
1995Billy Madison
84.9%
1997Beverly Hills Ninja
75%
1992Wayne's World
45.9%
1993Coneheads
40%
1998Almost Heroes
31.6%
1994Airheads
30.9%
1993Wayne's World 2
27.6%

From the Vault

2000 NBA Champions - Los Angeles Lakers

by mucciniale

Sports 4m
No you don't have to go through 2000 NBA players. Have there even been that many?
Remove Ads.
Support Sporcle.
Get the best of Sporcle when you Go Orange. This ad-free experience offers more features, more stats, and more fun while also helping to support Sporcle. Thank you for becoming a member.

Show Comments

Extras

Top Quizzes Today


Score Distribution

Your Account Isn't Verified!

In order to create a playlist on Sporcle, you need to verify the email address you used during registration. Go to your Sporcle Settings to finish the process.

Report this User

Report this user for behavior that violates our Community Guidelines.

Details: